Normal view
MARC view
- Air
Entry Topical Term
001 - CONTROL NUMBER
- control field: 8577
003 - CONTROL NUMBER IDENTIFIER
- control field: NUST
005 - DATE AND TIME OF LATEST TRANSACTION
- control field: 20180118093310.0
008 - FIXED-LENGTH DATA ELEMENTS
- fixed length control field: 180118|| aca||aabn | a|a d
040 ## - CATALOGING SOURCE
- Original cataloging agency: NUST
- Transcribing agency: NUST
150 ## - HEADING--TOPICAL TERM
- Topical term or geographic name entry element: Air
- General subdivision: Analysis
- General subdivision: Handbooks, manuals, etc.
670 ## - SOURCE DATA FOUND
- Source citation: Work cat.: (NUST)0: Methods of air sampling and analysis., c1989.
